01127nam0a22002291 4500001001100000005001700011021001900028035002600047100004100073101000800114102000700122105001800129200032200147210008800469215002700557320005000584606006400634700014000698801001800838801002200856852001900878rc\468295420250612152305.0 aRUb[64-48749] a(NLR Aleph) 008709007 a20130416d1964 |||y0rusy50 ca0 arus aRU aa z |||||1 aМеталлические подогреваемые сопротивления в электроизмерительной технике и автоматикеfАкад. наук СССР. Ин-т электромеханики Гос. ком. по электротехнике при Госплане СССР aМоскваaЛенинградcНаука. [Ленингр. отд-ние]d1964 a228 с.cчерт.d21 aБиблиогр.: с. 225-227 (70 назв.) aЭлектрические сопротивления2psbo 1aПоповbВ. С.cд-р техн. наук, электротехникаgВладимир Сергеевич3RU\NLR\AUTH\770250195 0aRUbNLRgpsbo 1aRUbELAR2rusmarc aNLRj64-5/3279